El arte escénico en España / (Record no. 168091)
[ view plain ]
| 000 -LEADER | |
|---|---|
| campo de control de longitud fija | 01234nam a2200241 i 4500 |
| 001 - NÚMERO DE CONTROL | |
| campo de control | 168091 |
| 003 - IDENTIFICADOR DE NÚMERO DE CONTROL | |
| campo de control | ES-MaACL |
| 005 - FECHA Y HORA DE LA ÚLTIMA TRANSACCIÓN | |
| campo de control | 20250824030021.0 |
| 008 - DATOS DE LONGITUD FIJA--INFORMACIÓN GENERAL | |
| campo de control de longitud fija | 981002m18941896sp |||| | spa d |
| 080 ## - NÚMERO DE LA CLASIFICACIÓN DECIMAL UNIVERSAL | |
| Número de la Clasificación Decimal Universal | 792(460)"18" |
| 080 ## - NÚMERO DE LA CLASIFICACIÓN DECIMAL UNIVERSAL | |
| Número de la Clasificación Decimal Universal | 860-2.09"18" |
| 100 1# - ENTRADA PRINCIPAL--NOMBRE DE PERSONA | |
| Nombre de persona | Yxart, Josep, |
| Fechas asociadas al nombre | 1852-1895 |
| 9 (RLIN) | 139230 |
| 245 13 - MENCIÓN DEL TÍTULO | |
| Título | El arte escénico en España / |
| Mención de responsabilidad, etc. | José Yxart. |
| 260 ## - PUBLICACIÓN, DISTRIBUCIÓN, ETC. | |
| Lugar de publicación, distribución, etc. | Barcelona : |
| Nombre del editor, distribuidor, etc. | [s.n.], |
| Fecha de publicación, distribución, etc. | 1894-1896 ( |
| Fabricante | Imp. de "La Vanguardia") |
| 300 ## - DESCRIPCIÓN FÍSICA | |
| Extensión | 2 v. (364 ; 165 p.) ; |
| Dimensiones | 18 cm. |
| 505 8# - NOTA DE CONTENIDO CON FORMATO | |
| Nota de contenido con formato | Contiene: I. Introducción: La tradición. La decadencia. El drama. Echegaray. Gaspar. Sellés. Feliu y Codina. Nuevas direcciones dramáticas: en el extranjero, en España. Pérez Galdós, etc. - 2. La comedia. J. Echegaray. Feliu y Codina. Sánchez Pérez. M. Echegaray. Ramos Carrión y Vital Aza. Piezas y sainetes. Ricardo de la Vega, etc., etc. |
| 530 ## - NOTA DISPONIBLE DE FORMULARIO FÍSICO ADICIONAL | |
| Nota de formato físico adicional disponible | Disponible en formato digital. |
| 650 #4 - PUNTO DE ACCESO ADICIONAL DE MATERIA--TÉRMINO DE MATERIA | |
| Término de materia o nombre geográfico como elemento de entrada | Teatro español- |
| Subdivisión cronológica | S.XIX- |
| Subdivisión general | Historia y crítica |
| 9 (RLIN) | 17348 |
| 650 #7 - PUNTO DE ACCESO ADICIONAL DE MATERIA--TÉRMINO DE MATERIA | |
| Término de materia o nombre geográfico como elemento de entrada | Teatro- |
| Subdivisión geográfica | España- |
| Subdivisión cronológica | S.XIX |
| Fuente del encabezamiento o término | |
| 9 (RLIN) | 141742 |
| 852 ## - LOCALIZACIÓN | |
| Ubicación | ES-MaACL |
| Número de control de estantería | F-9596-97 |
| Nota libre | - Enc. hol. |
| -- | - Faltan p.156-158 del v. II |
| 856 ## - LOCALIZACIÓN Y ACCESO ELECTRÓNICOS | |
| Identificador Uniforme de Recursos | <a href="http://bdh-rd.bne.es/viewer.vm?id=0000092016&page=1 ">http://bdh-rd.bne.es/viewer.vm?id=0000092016&page=1 </a> |
| Nota pública | Biblioteca Digital Hispánica |
| Estatus retirado | Estado de pérdida | Estado de daño | No para préstamo | Colección | Biblioteca de origen | Biblioteca actual | Ubicación en estantería | Fecha de adquisición | Total de préstamos | Signatura topográfica completa | Código de barras | Visto por última vez | Precio de reemplazo | Tipo de ítem Koha |
|---|---|---|---|---|---|---|---|---|---|---|---|---|---|---|
| Colección digital | Biblioteca del Ateneo de Madrid | Biblioteca del Ateneo de Madrid | Sala Pecera Planta 2 | 17/01/2008 | F-9596-97 | 1176365 | 23/02/2023 | 23/02/2023 | Libro impreso antiguo |
